000 01119naa a22003017a 4500
001 BR8105729
003 BR-BrBNA
005 20240918174852.0
007 ta
008 230509b bl.||||| |||| 00| 0 por d
040 _aBR-BrBNA
_bpor
_cBiblioteca Nacional de Agricultura
041 _a(Pt)
072 _aF28
_b2120
090 _aF28 BR8105729
100 1 _aMatiello, J.B.
100 1 _aNobre, G.W.
100 1 _aPinheiro, M.R.
111 1 _a9. Congresso Brasileiro de Pesquisas Cafeeiras
_cSao Lourenco, MG (Brazil)
_d27 Oct 1981
245 1 _aEfeito de sistemas de terraceamento com microtrator sobre o desenvolvimento inicial de cafeeiros
260 3 _aRio de Janeiro, RJ (Brasil):
_c1981.
500 _aResumos do 9. Congresso Brasileiro de Pesquisas Cafeeiras Rio de Janeiro, RJ (Brasil): 1981. p. 61-62 (BR8105729-AM)F28
650 _aCAFE
650 _aTERRACO
650 _aINSTALACAO AGRICOLA
773 0 _tResumos do 9. Congresso Brasileiro de Pesquisas Cafeeiras
_wF28 BR8105729
_gRio de Janeiro, RJ (Brasil), 1981. p. 61-62
909 _a202404
_bLucia
_c55
_dLucia Elande
942 _cAM
_2AGRIS
999 _c314109
_d314109